000 00564nam a2200193Ia 4500
005 20250508164826.0
008 008 250505s9999 xx 000 0 eng d
037 _aDissertations
040 _aFEDL
_beng
_cFEDL
041 _aeng
_2eng
084 _a377.8, TUI/DI
_qFEDL
100 _aTuithung Mayopam W
_9779223
245 0 _aStudy of the aims of education in protestant christianity
260 _c2002
300 _a303p.
546 _aM.Phil Dissertation, (Delhi University)
942 _cDIS
_h377.8, TUI/DI
999 _c1391429
_d1391429